000
00284nam a2200109 a 4500
001
4140
005
20140414131941.0
008
090218s19uu xx 00 eng d
050
_a
TR 170
_b
L23 2005
245
_a
The Land of toys :
_b
a book about looking after our toys.
999
_c
112592
_d
112592